The Legend of Zelda: Phantom Hourglass bosses by picture - Statistics

General Stats
  • This quiz has been taken 8 times
  • The average score is 8 of 10
Answer Stats
Picture Answer % Correct
Bellum
100%
Ghost Ship
100%
Gleeok
100%
Bellumbeck
80%
Blaaz
80%
Cubus Sisters
80%
Eox
80%
Crayk
60%
Cyclok
60%
Dongorongo
60%
No matching quizzes found
Score Distribution
Percent of People with Each Score
Percentile by Number Answered
Your Score History
You have not taken this quiz